Представление документа в формате RUSMARC

ПолеНазваниеЗначение
  Тип записи a
  Библиографический уровень a
001 Контрольный номер RU/CBS_UL/BASE/b9e875b5f1e4419c862317aa47a18f8e
005 Дата корректировки 20260422153310.1
100 Данные общей обработки __
a Данные общей обработки 20260422 ||| 0rusy0189 ca
101 Язык документа 0_
a Язык текста rus
102 Страна публикации __
a Страна публикации RU
200 Заглавие и сведения об ответственности 1_
a Заглавие Музыка, которая объединяет
e Сведения, относящиеся к заглавию [о том, как прошёл 64-й Международный музыкальный фестиваль "Мир, Эпоха, Имена"]
f Первые сведения об ответственности В. Семёнов
g Последующие сведения об ответственности фот. С. Семагин
300 Общие примечания __
a Общие примечания Прил. - с. 4. - (Аргументы и факты в Ульяновске)
461 Уровень набора _0
1 2000
a Аргументы и факты
463 Уровень физической единицы _0
1 2000
a № 16 (22-28 апр.)
1 2101
d 2026
1 001RU/CBS_UL/BASE/d470878112bc454998facffad090482a
606 Тематические рубрики 0_
a Основная рубрика "Мир. Эпоха. Имена", международный фестиваль (64; 2026; Ульяновск, город)
610 Ключевые слова 0_
a Ключевые слова фестивали, международные фестивали, Мир. Эпоха. Имена (фестивали), композиторы, российские композиторы
686 Индексы других классификаций __
2 Код системы rubbk
a Классификационный индекс 85.31(2)6
700 Автор _1
a Фамилия Семёнов
b Имя (инициалы) В.
801 Источник записи _0
a Страна RU
b Организация МБУК ЦБС г. Ульяновска
c Дата составления 20260422
g Правила каталогизации RCR
801 Источник записи _1
a Страна RU
b Организация МБУК ЦБС г. Ульяновска
c Дата составления 20260422
g Правила каталогизации RCR
901 Тип документа __
t Тип документа f
w Контрольный № источника RU/CBS_UL/BASE/d470878112bc454998facffad090482a
909 Создатель записи __
a Создатель записи lib1